Top 25 Airlines by Cargo Volume - Statistics

General Stats
  • This quiz has been taken 1,095 times
    563 since last reset
  • The average score is 9 of 25
Answer Stats
2023 FTK Continent Answer % Correct
3,579 Asia All Nippon Airways
78%
10,636 Asia Emirates
67%
5,347 Europe Lufthansa
66%
17,923 North America Federal Express
62%
5,633 Asia Air China
61%
4,602 North America United Airlines
59%
14,239 North America United Parcel Service
56%
14,406 Asia Qatar Airways
54%
4,854 Asia Singapore Airlines
51%
8,411 Asia Korean Air
42%
8,325 Asia Turkish Airlines
42%
6,306 Europe AeroLogic
38%
8,099 Asia Cathay Pacific
36%
3,451 Asia LATAM
28%
7,610 Asia China Southern Airlines
26%
4,015 Africa Ethiopian Airlines
23%
3,639 Asia Asiana Airlines
19%
4,019 Asia EVA Air
19%
8,915 North America Atlas Air
18%
6,807 Europe Cargolux
17%
4,956 South America Avianca
16%
5,336 Asia China Airlines
16%
4,605 North America Kalitta Air
7%
3,876 North America Polar Air Cargo
5%
4,183 Asia China Cargo Airlines
4%
No matching quizzes found
Score Distribution
Percent of People with Each Score
Percentile by Number Answered
Your Score History
You have not taken this quiz since the last reset